Vista normal
Vista MARC
Entrada Personal Name
Número de registros utilizados en: 1
001 - CONTROL NUMBER
- control field: 1662
003 - CONTROL NUMBER IDENTIFIER
- control field: OSt
005 - DATE AND TIME OF LATEST TRANSACTION
- control field: 20120224085610.0
008 - FIXED-LENGTH DATA ELEMENTS
- fixed length control field: 120224|||a|||||| | ||| d
040 ## - CATALOGING SOURCE
- Original cataloging agency: OSt
- Transcribing agency: OSt
100 ## - HEADING--PERSONAL NAME
- Personal name: Caeiro, Manuel ,
- Relator term: Colaborador
670 ## - SOURCE DATA FOUND
- Source citation: Work cat.: (OSt)568: Lovesio, Carlos. 421, Homeostasis del mediointerno. En clínica y cirugía / , 1984.